| 000 | 00985cam a2200289 4500 | ||
|---|---|---|---|
| 001 | WS110362 | ||
| 008 | 000000n 000 0 eng u | ||
| 035 | _a(Sirsi) u110362 | ||
| 110 |
_aUK Environmental Law Association _94006 |
||
| 245 | _aUK Environmental Law Association | ||
| 520 | _aSite for this organisation for those interested in the development of environmental law and practice in the UK and EU. Includes news, details of working parties and links to the 'UKELA Journal'. | ||
| 650 | _aLAW | ||
| 650 | _aBIOTECHNOLOGY | ||
| 650 | _aCONTAMINATED LAND | ||
| 650 | _aPOLLUTION | ||
| 650 |
_aInsurance _96249 |
||
| 650 | _aNATURE CONSERVATION | ||
| 650 | _aNOISE | ||
| 650 | _aSCOTLAND | ||
| 650 | _aTRANSPORT | ||
| 650 | _aENVIRONMENTAL IMPACT ASSESSMENTS | ||
| 650 | _aWASTE | ||
| 650 | _aORGANISATION | ||
| 690 | _aENVIRONMENTAL AND LAND CONSULTANCY | ||
| 856 | 4 | 0 |
_uhttps://www.ukela.org _zView the website free of charge at www.ukela.org... |
| 942 | _n0 | ||
| 999 |
_c119748 _d119748 |
||